000 00524nam a22001577a 4500
003 NUST
082 _a621
100 _aKhan ,Zain Ullah
_9122217
245 _aNumerical Analysis of Novel Savonius type Hydrokinetic Turbine /
_cZain Ullah Khan
264 _aIslamabad:
_bSMME- NUST.
_c2020.
300 _a72p. ;
_bSoft Copy,
_c30cm.
650 _aMS Mechanical Engineering
_9119495
700 _aSupervisor Dr. Zaib Ali
_9119496
856 _uhttp://10.250.8.41:8080/xmlui/handle/123456789/35495
942 _2ddc
_cTHE
999 _c608752
_d608752